000 00690nam a2200193Ia 4500
008 151119s9999||||xx |||||||||||||| ||und||
082 _a616.24
082 _bGKKV30925
100 _a"सहस्त्रबुद्धे, जयंती"
245 _aघरच्या घरी वैद्य व्हा
260 _a---
260 _b---
260 _c2009
600 _a"सहस्त्रबुद्धे, जयंती"
630 _aघरच्या घरी वैद्य व्हा
700 _a"सहस्त्रबुद्धे, जयंती"
730 _aघरच्या घरी वैद्य व्हा
942 _cBOOK
999 _c1083251
_d1083248